000 00497cam a22001697a 4500
008 180718b2004 xxu||||| |||| 00| 0 eng d
020 _a8178000598
082 _aY26x54 R18
100 _aRao, M.V.R. Koteswara
245 _aEnergy resources: conventional and non-conventional
_cby M.V.R. Koteswara Rao
260 _aHyderabad
_bBSP Publications
_c2004
300 _a189p.
650 _aNuclear energy
650 _aSolar energy
650 _aBiomass energy
650 _aPower resources - India
999 _c403723
_d403723